| 000 | 01175nim a2200349 a 4500 | ||
|---|---|---|---|
| 999 |
_c23559 _d23559 |
||
| 001 | vtls000673244 | ||
| 005 | 20230920115420.0 | ||
| 007 | sd fsngnnmmnud | ||
| 008 | 201209s2019 xo nnnnf f n slo c | ||
| 020 | _a9788018085219 | ||
| 035 | _aa000673244 | ||
| 040 |
_aLESKN _bslo _cUKB _eAACR2 |
||
| 041 | 1 |
_aslo _heng |
|
| 044 |
_axo _cSK |
||
| 072 | 7 |
_a821.111(73)-3 _xAmerická próza _2konspekt |
|
| 080 |
_a(086.76) _22011 |
||
| 080 |
_a821.111(73)-31 _22011 |
||
| 080 |
_a(0:82-312.4) _22011 |
||
| 080 |
_a(0:82-311.4) _22011 |
||
| 100 | 1 |
_aGrisham, John, _d1955- _93361 |
|
| 240 | 1 | 4 |
_aThe client. _lSlovensky |
| 245 | 1 | 0 |
_aKlient _helektronický zdroj _cJohn Grisham ; číta: Igor Makovický |
| 260 |
_aLevoča _bSlovenská knižnica pre nevidiacich Mateja Hrebendu v Levoči _c2019 |
||
| 300 |
_a1 elektronický optický disk (CD-ROM) _bdigitálny, mono _c12cm |
||
| 650 | 0 | 7 |
_amafia _2UKBPH _93888 |
| 655 | 7 |
_azvukové dokumenty _2UKBPH _93634 |
|
| 655 | 7 |
_aamerické romány _2UKBPH _92 |
|
| 655 | 7 |
_aspoločenské romány _2UKBPH _912 |
|
| 655 | 7 |
_akriminálne romány _2UKBPH _93889 |
|
| 655 | 7 |
_aCD-ROM _2UKBPH _93890 |
|
| 700 | 1 |
_aMakovický, Igor _4nrt _93891 |
|